عد و ی معلو ما ت کا ا نسا ہيکلو پيڈ يا (صفر سے لا تنا ہی تک ) (Record no. 178063)

MARC details
000 -LEADER
fixed length control field 00741nam a22001937a 4500
005 - DATE AND TIME OF LATEST TRANSACTION
control field 20210315115245.0
010 ## - LCCN (DPL NO)
LC control number UR-11075
020 ## - INTERNATIONAL STANDARD BOOK NUMBER
Terms of availability 300.00
International Standard Book Number 9789390579105
035 ## - SYSTEM CONTROL NUMBER
System control number U-9630
037 ## - SOURCE OF ACQUISITION
Source of stock number/acquisition DBAD/PUB
082 ## - DEWEY DECIMAL CLASSIFICATION NUMBER
Classification number 030
100 ## - MAIN ENTRY--PERSONAL NAME
Personal name عبد السمع صو فی
245 ## - TITLE STATEMENT
Title عد و ی معلو ما ت کا ا نسا ہيکلو پيڈ يا (صفر سے لا تنا ہی تک )
Statement of responsibility, etc عبد السمع صو فی
246 ## - VARYING FORM OF TITLE
Remainder of title A'Adadi Maloomaat Ka Encyclopedia (Sifar Se Lamutanahi Tak)(Urdu)
Title proper/short title by Abdus Sami Soofi
260 ## - PUBLICATION, DISTRIBUTION, ETC. (IMPRINT)
Place of publication, distribution, etc N.Delhi
Date of publication, distribution, etc 2021 ء
Name of publisher, distributor, etc Applied Books
270 ## - ADDRESS
Address 1739/10,Padodi House,Darya Ganj,
City New Delhi
Postal code 110002
Fax number 9953630788
300 ## - PHYSICAL DESCRIPTION
Extent 304 ص
Dimensions 22 Cm(Hb)
942 ## - ADDED ENTRY ELEMENTS (KOHA)
Source of classification or shelving scheme Dewey Decimal Classification
Item type Urdu Bks
Classification part 030
Call number suffix ع ب د
Holdings
Withdrawn status Lost status Not for loan Collection code Home library Current library Date acquired Source of acquisition Cost, normal purchase price Full call number Barcode Copy number Cost, replacement price Koha item type
      Non-fiction D.B.Act.Division D.B.Act.Division 15/03/2021 DBAD/PUB 300.00 030 ع ب د U-9630 1 300.00 Urdu Bks

© Delhi Public Library
Hit Counter
free hit counter